[Event "FIDE Online Olympiad"]
[Site "Chess.com"]
[Date "2020.07.31"]
[EventDate "2020.07.31"]
[Round "3"]
[Result "1-0"]
[White "Prin Laohawirapap"]
[Black "Cleophas Charles"]
[WhiteElo "1834"]
[BlackElo "1579"]
[PlyCount "41"]

1. e4 e5 2. Nf3 Nc6 3. d4 Nxd4 4. Nxd4 exd4 5. Qxd4 Nf6 6. Nc3
d6 7. Bg5 Be7 8. O-O-O Be6 9. e5 dxe5 10. Qxe5 Qc8 11. Ne4
Nxe4 12. Bxe7 Kxe7 13. Qxe4 g6 14. Qh4+ f6 15. Bc4 Kf7
16. Rhe1 Bxc4 17. Qxc4+ Kf8 18. Qc5+ Kg8 19. Re7 Qf8 20. Qc4+
Qf7 21. Qxf7# 1-0

[Event "FIDE Online Olympiad"]
[Site "Chess.com"]
[Date "2020.07.31"]
[EventDate "2020.07.31"]
[Round "3"]
[Result "1-0"]
[White "Raymond Song"]
[Black "Aliuddin Azahari"]
[WhiteElo "2254"]
[BlackElo "2059"]
[PlyCount "43"]

1. d4 Nf6 2. Nf3 g6 3. Nbd2 Bg7 4. e4 d6 5. Bd3 O-O 6. O-O
Nbd7 7. Re1 e5 8. c3 c6 9. dxe5 dxe5 10. Nc4 Re8 11. Nd6 Re6
12. Bc4 Qe7 13. Bxe6 Qxe6 14. Ng5 Qe7 15. Ngxf7 Nc5 16. Nh6+
Bxh6 17. Bxh6 Be6 18. b4 Na6 19. Bg5 Rd8 20. Qf3 Qxd6 21. Rad1
Qe7 22. Bxf6 1-0

[Event "FIDE Online Olympiad"]
[Site "Chess.com"]
[Date "2020.07.31"]
[EventDate "2020.07.31"]
[Round "3"]
[Result "1-0"]
[White "Azahari Siti Nur Fatanah Hj"]
[Black "Chi Chen"]
[WhiteElo "1898"]
[BlackElo "1353"]
[PlyCount "51"]

1. e4 e6 2. d4 d5 3. Nd2 Be7 4. Ngf3 c5 5. dxc5 Bxc5 6. Bd3
Nd7 7. O-O dxe4 8. Nxe4 Be7 9. Bf4 Ngf6 10. Nd6+ Bxd6 11. Bxd6
Qb6 12. Be2 Qxb2 13. Nd4 Qb6 14. Nb5 Nd5 15. Rb1 Qd8 16. c4 a6
17. cxd5 axb5 18. Bxb5 e5 19. Re1 f6 20. Qg4 Kf7 21. Qe6+ Kg6
22. Bd3+ Kh6 23. Qh3+ Kg5 24. f4+ exf4 25. Bxf4+ Kxf4 26. Qg3#
1-0

[Event "FIDE Online Olympiad"]
[Site "Chess.com"]
[Date "2020.07.31"]
[EventDate "2020.07.31"]
[Round "3"]
[Result "1-0"]
[White "Ting-Hao Wang"]
[Black "Abdul Zahirul Zazali"]
[WhiteElo "1788"]
[BlackElo "1695"]
[PlyCount "75"]

1. c4 c5 2. Nf3 Nf6 3. d4 e6 4. Nc3 d5 5. cxd5 Nxd5 6. e4 Nxc3
7. bxc3 Bd7 8. Bc4 Be7 9. O-O Qc7 10. d5 b5 11. Bb3 c4 12. Bc2
Bd6 13. Re1 e5 14. a4 O-O 15. axb5 Bxb5 16. Ba4 Bxa4 17. Qxa4
Nd7 18. Be3 Rfc8 19. Nd2 Nb6 20. Qa6 f5 21. Bxb6 axb6 22. Qxa8
Rxa8 23. Rxa8+ Kf7 24. Rea1 Qc5 25. R8a4 fxe4 26. Nxe4 Qxd5
27. Nxd6+ Qxd6 28. Rxc4 h6 29. g3 b5 30. Rb4 Qd3 31. Rab1 Qxc3
32. Rxb5 Kf6 33. R1b2 Qe1+ 34. Kg2 Qe4+ 35. f3 Qd4 36. Rb6+
Kg5 37. h4+ Kh5 38. Kh3 1-0

[Event "FIDE Online Olympiad"]
[Site "Chess.com"]
[Date "2020.07.31"]
[EventDate "2020.07.31"]
[Round "3"]
[Result "1-0"]
[White "Nur Zahira Zazali"]
[Black "Sophie Yi-Hsuan Tsai"]
[WhiteElo "1501"]
[BlackElo "1155"]
[PlyCount "157"]

1. e4 c5 2. Nf3 g6 3. c3 Bg7 4. Bc4 e6 5. d4 cxd4 6. Nxd4 Ne7
7. O-O O-O 8. Be3 d5 9. exd5 Nxd5 10. Bxd5 Qxd5 11. Qd2 Rd8
12. Rd1 Qh5 13. f4 e5 14. fxe5 Bxe5 15. g3 Nc6 16. Na3 Nxd4
17. Bxd4 Bg4 18. Rf1 Bxd4+ 19. cxd4 Re8 20. Qf4 Re7 21. Rae1
Rae8 22. Re5 Qh3 23. Rfe1 Rxe5 24. Rxe5 Rxe5 25. dxe5 Be6
26. Nc2 Qf5 27. Qxf5 Bxf5 28. Ne3 Be6 29. a3 Kf8 30. Kf2 Ke7
31. Kf3 h5 32. Kf4 f6 33. Nc2 g5+ 34. Ke4 Bg8 35. Nd4 Bh7+
36. Kd5 f5 37. Nf3 g4 38. Ng5 Bg8+ 39. Kd4 Kf8 40. Kc5 Kg7
41. Kd6 Kg6 42. h4 gxh3 43. Nxh3 Kf7 44. Kd7 Kf8 45. e6 Kg7
46. e7 Bf7 47. e8=Q Bxe8+ 48. Kxe8 Kg6 49. Kd7 Kf6 50. Kd6 Kg6
51. Ke5 a6 52. b3 b6 53. b4 h4 54. gxh4 Kh5 55. Kxf5 Kxh4
56. Nf4 Kg3 57. Nd5 Kf3 58. Nxb6 Ke3 59. Ke5 Kd3 60. Kd5 Kc3
61. Kc5 Kb3 62. a4 Kc3 63. b5 axb5 64. Kxb5 Kd4 65. a5 Ke5
66. a6 Kd6 67. a7 Ke6 68. a8=Q Kd6 69. Qd5+ Ke7 70. Qd7+ Kf6
71. Qe8 Kf5 72. Kc5 Kf4 73. Kd5 Kf5 74. Qf7+ Kg4 75. Ke5 Kg3
76. Ke4 Kg4 77. Qg7+ Kh4 78. Kf4 Kh5 79. Qg5# 1-0

[Event "FIDE Online Olympiad"]
[Site "Chess.com"]
[Date "2020.07.31"]
[EventDate "2020.07.31"]
[Round "3"]
[Result "1-0"]
[White "Jing Xin Crystal Deng"]
[Black "Hsu Lwin May"]
[WhiteElo "1575"]
[BlackElo "1987"]
[PlyCount "101"]

1. d4 d5 2. c4 e6 3. Nf3 Nf6 4. Bg5 c6 5. e3 Nbd7 6. Nc3 h6
7. Bh4 Be7 8. Bd3 O-O 9. O-O Ne8 10. Bxe7 Qxe7 11. cxd5 exd5
12. Qc2 Nd6 13. Rfe1 Nf6 14. Ne5 Bd7 15. a3 Rae8 16. f3 Bc8
17. e4 dxe4 18. fxe4 c5 19. Nf3 cxd4 20. Nxd4 Ng4 21. Nd5 Qd8
22. Rad1 Ne5 23. Be2 Ng4 24. Bxg4 Bxg4 25. Nf3 Bxf3 26. gxf3
Qg5+ 27. Qg2 Qxg2+ 28. Kxg2 Kh7 29. Re2 Rc8 30. Nf6+ gxf6
31. Rxd6 Rc6 32. Rxc6 bxc6 33. Rc2 Rb8 34. Rxc6 Rxb2+ 35. Kg3
Rb6 36. Rxb6 axb6 37. Kf4 Kg6 38. a4 f5 39. exf5+ Kf6 40. h4
Ke7 41. Ke5 f6+ 42. Kd5 Kd7 43. h5 Ke7 44. Kc6 Kd8 45. Kxb6
Kc8 46. a5 Kb8 47. Kc6 Ka7 48. Kd6 Ka6 49. Ke6 Kxa5 50. Kxf6
Kb6 51. Kg7 1-0

[Event "FIDE Online Olympiad"]
[Site "Chess.com"]
[Date "2020.07.31"]
[EventDate "2020.07.31"]
[Round "1"]
[Result "1-0"]
[White "Ioannis Damianou"]
[Black "Mohamad Firdaus Erfan"]
[WhiteElo "1966"]
[BlackElo "1241"]
[PlyCount "123"]

1. e4 c5 2. Nf3 d6 3. Bb5+ Nd7 4. O-O Ngf6 5. Re1 a6 6. Bd3 g6
7. c3 Bg7 8. Bc2 O-O 9. d4 b5 10. h3 Bb7 11. Bf4 Qb6 12. Nbd2
Nh5 13. Be3 Qc7 14. Rc1 e6 15. Bd3 Rfd8 16. Qe2 h6 17. b3 Rac8
18. Bb1 Kh7 19. Red1 Qb8 20. a3 Bc6 21. b4 c4 22. Nf1 Qb7
23. N1d2 Nb6 24. Bc2 Ra8 25. Ra1 a5 26. g4 Nf6 27. Bf4 a4
28. Re1 Rac8 29. Nf1 Rd7 30. N3d2 Re8 31. Bg3 Rdd8 32. f3 Qa7
33. Rad1 Qb7 34. Ne3 Qa8 35. Kg2 Kg8 36. h4 Kf8 37. Bf2 Qb7
38. Ndf1 Kg8 39. Ng3 Kf8 40. Rh1 Ke7 41. g5 Nh7 42. gxh6 Bxh6
43. h5 g5 44. d5 Bd7 45. Ng4 Bg7 46. h6 Bxc3 47. Qe3 Bb2
48. Qxb6 Qxb6 49. Bxb6 Rb8 50. dxe6 Rxb6 51. exd7 Kxd7 52. e5
Nf8 53. Nf6+ Kd8 54. Nxe8 Kxe8 55. exd6 Ne6 56. h7 Nf4+
57. Kf2 Bh8 58. Rhe1+ Kf8 59. d7 Nh3+ 60. Kg2 Nf4+ 61. Kh2
Rh6+ 62. Kg1 1-0

[Event "FIDE Online Olympiad"]
[Site "Chess.com"]
[Date "2020.07.31"]
[EventDate "2020.07.31"]
[Round "2"]
[Result "1-0"]
[White "Ahmad Tasneem"]
[Black "Patience Tsuses"]
[WhiteElo "1417"]
[BlackElo "1031"]
[PlyCount "65"]

1. e4 e5 2. Nf3 Nc6 3. Bc4 Nf6 4. d3 h6 5. Nc3 Bb4 6. Bd2 O-O
7. a3 Ba5 8. b4 Bb6 9. Na4 d6 10. Nxb6 axb6 11. b5 Na7 12. a4
Bd7 13. O-O c6 14. Qb1 c5 15. Qb3 Nc8 16. Be3 Ne7 17. h4 Ng6
18. h5 Nxh5 19. Bd5 Qc8 20. g3 Bh3 21. Rfe1 Nhf4 22. Nh2 Nh5
23. c3 Rb8 24. Qd1 Nf6 25. Qf3 Be6 26. Bxh6 gxh6 27. Qxf6 Bxd5
28. exd5 Qd7 29. Re4 Kh7 30. Ng4 Rh8 31. Qf3 Kg8 32. Nf6+ Kf8
33. Nxd7+ 1-0

[Event "FIDE Online Olympiad"]
[Site "Chess.com"]
[Date "2020.07.31"]
[EventDate "2020.07.31"]
[Round "2"]
[Result "1-0"]
[White "Donaldo Paiva"]
[Black "Geoffrey Borg"]
[WhiteElo "2162"]
[BlackElo "2367"]
[PlyCount "61"]

1. e4 c5 2. Nf3 g6 3. c3 Bg7 4. d4 cxd4 5. cxd4 d5 6. exd5 Nf6
7. Bb5+ Nbd7 8. Nc3 O-O 9. O-O Nb6 10. Ne5 a6 11. Be2 Nbxd5
12. Bf3 Be6 13. Na4 Qd6 14. Nc5 Bc8 15. Be3 b6 16. Ncd3 Bb7
17. Qb3 Nxe3 18. fxe3 Bd5 19. Bxd5 Nxd5 20. Rf3 e6 21. Raf1
Nxe3 22. Rxe3 Qxd4 23. Rfe1 Bxe5 24. Nxe5 Rac8 25. h3 Rc7
26. Kh1 Rfc8 27. Nf3 Qd6 28. Rd3 Qg3 29. Rg1 b5 30. Qd1 Rc2
31. Nd4 1-0

[Event "FIDE Online Olympiad"]
[Site "Chess.com"]
[Date "2020.07.31"]
[EventDate "2020.07.31"]
[Round "2"]
[Result "1-0"]
[White "Maria Nakanyike"]
[Black "Danai Miltiadou"]
[WhiteElo "1459"]
[BlackElo "1278"]
[PlyCount "143"]

1. e4 e5 2. Nf3 Nc6 3. Nc3 Nf6 4. Bc4 Bb4 5. a3 Bxc3 6. dxc3
Nxe4 7. Qd5 Nd6 8. Nxe5 Nxe5 9. Qxe5+ Qe7 10. Qxe7+ Kxe7
11. Bb3 Nf5 12. O-O Kf8 13. Re1 d6 14. Bd2 Nh4 15. Re7 Kxe7
16. Re1+ Kf8 17. Bg5 g6 18. Bxh4 Bf5 19. Re7 Be6 20. Bxe6 fxe6
21. Rxe6 Re8 22. Rf6+ Kg7 23. h3 Rhf8 24. Rxf8 Rxf8 25. Kf1
Re8 26. Bg5 Re5 27. Bf4 Rb5 28. b4 a5 29. Be3 axb4 30. axb4 c5
31. Bd2 cxb4 32. cxb4 Rd5 33. Ke1 Re5+ 34. Kf1 Rf5 35. f3 Rd5
36. Ke2 Re5+ 37. Kf2 Rb5 38. Ke3 Kf6 39. Kd3 Ke5 40. c4 Rb6
41. b5 d5 42. f4+ Kf5 43. g4+ Kf6 44. Be3 Rd6 45. c5 Re6
46. Bd4+ Kf7 47. Be5 Re8 48. Kd4 Rd8 49. c6 bxc6 50. bxc6 Ke6
51. h4 Rc8 52. Kc5 h6 53. Kb6 d4 54. Bxd4 Kd6 55. Be5+ Kd5
56. c7 Ke6 57. Kc6 Re8 58. Kb7 Kd7 59. Bf6 Ke6 60. Bd8 Kf7
61. c8=Q Re3 62. Qc7+ Kf8 63. Qc5+ Ke8 64. Qxe3+ Kxd8 65. Kc6
g5 66. Kd6 Kc8 67. Qc3+ Kb8 68. Qc7+ Ka8 69. Qc5 gxh4 70. Kc6
h3 71. Qb5 h2 72. Qb7# 1-0

[Event "FIDE Online Olympiad"]
[Site "Chess.com"]
[Date "2020.07.31"]
[EventDate "2020.07.31"]
[Round "1"]
[Result "1-0"]
[White "Elizabeth Emile Nagib Tanyous"]
[Black "Tankeu Stephanie Tchouateu"]
[WhiteElo "1472"]
[BlackElo "1280"]
[PlyCount "71"]

1. c4 e5 2. Nc3 Nf6 3. g3 g6 4. Bg2 Bg7 5. e4 d6 6. d3 Nc6
7. Nge2 O-O 8. Bg5 Be6 9. a3 Qe8 10. Be3 h6 11. O-O Ng4
12. Bd2 Nd4 13. Nxd4 exd4 14. Nd5 Bxd5 15. Qxg4 Be6 16. Qd1 c5
17. Bf4 Rd8 18. Re1 f6 19. Qc1 g5 20. Bd2 f5 21. exf5 Rxf5
22. Bd5 Qf7 23. Bxe6 Qxe6 24. Rxe6 b6 25. Qe1 Kh7 26. Qe4 Rdf8
27. Rf1 Kh8 28. Re8 Rxe8 29. Qxe8+ Kh7 30. Qe4 d5 31. cxd5 Kh8
32. Qxf5 Kg8 33. Re1 Bf8 34. Qg6+ Kh8 35. Re8 a6 36. Rxf8# 1-0

[Event "FIDE Online Olympiad"]
[Site "Chess.com"]
[Date "2020.07.31"]
[EventDate "2020.07.31"]
[Round "1"]
[Result "1-0"]
[White "Grace Christie Youwou Pedhom"]
[Black "Mohammed Ibtihal"]
[WhiteElo "1360"]
[BlackElo "1410"]
[PlyCount "77"]

1. d4 g6 2. c4 Bg7 3. Nc3 d6 4. Nf3 Nf6 5. e3 O-O 6. Be2 c5
7. O-O b6 8. b3 Bb7 9. Re1 Nc6 10. d5 Nb4 11. Bd2 a5 12. a3
Na6 13. e4 Re8 14. Qc2 e6 15. Rad1 exd5 16. exd5 Bc8 17. Qc1
Bf5 18. Nh4 Bd7 19. Nf3 Nc7 20. Bd3 Rxe1+ 21. Rxe1 Bg4 22. Ng5
h6 23. Nge4 Qf8 24. Nxf6+ Bxf6 25. Bxh6 Bg7 26. Bxg7 Qxg7
27. h3 Bd7 28. Re7 Rd8 29. Ne4 Qf8 30. Nf6+ Kg7 31. Rxd7 Kxf6
32. Rxc7 Re8 33. Qa1+ Kg5 34. f4+ Kh6 35. Qf6 Re1+ 36. Kh2 Qe8
37. Rxf7 Qg8 38. Bxg6 Qxg6 39. Qh8+ 1-0

[Event "FIDE Online Olympiad"]
[Site "Chess.com"]
[Date "2020.07.31"]
[EventDate "2020.07.31"]
[Round "1"]
[Result "1-0"]
[White "Faisal Khairallah"]
[Black "Salim Al Amri Salim Mohammed"]
[WhiteElo "2226"]
[BlackElo "2032"]
[PlyCount "103"]

1. d4 Nf6 2. Bg5 c5 3. d5 e6 4. Nc3 Qb6 5. Bc1 e5 6. e4 d6
7. Bb5+ Nbd7 8. a4 a6 9. Be2 Be7 10. Nf3 O-O 11. Nd2 h6
12. Nc4 Qc7 13. a5 Nh7 14. f4 Bh4+ 15. g3 Bf6 16. O-O b5
17. axb6 Nxb6 18. fxe5 Bxe5 19. Nxe5 dxe5 20. Be3 Ng5 21. h4
Nh7 22. Qd2 f5 23. d6 Qc6 24. Ra5 fxe4 25. Rxc5 Qd7 26. Nxe4
Rxf1+ 27. Bxf1 Qg4 28. Bg2 Nd7 29. Qd5+ Kh8 30. Qxa8 Nxc5
31. Bxc5 g5 32. d7 Qxd7 33. Nd6 gxh4 34. gxh4 Qg4 35. Qxc8+
Qxc8 36. Nxc8 Nf6 37. Ne7 Kg7 38. Nf5+ Kg6 39. Ng3 Nd7 40. Be3
Nf6 41. c4 Ng4 42. Be4+ Kg7 43. Bd2 Nf6 44. c5 a5 45. c6 Ne8
46. Bxa5 Kf6 47. Nf5 h5 48. c7 Nxc7 49. Bxc7 Kg6 50. Bxe5 Kh7
51. Ne7+ Kh6 52. Ng8# 1-0

[Event "FIDE Online Olympiad"]
[Site "Chess.com"]
[Date "2020.07.31"]
[EventDate "2020.07.31"]
[Round "1"]
[Result "1-0"]
[White "Jawad Farhat"]
[Black "Hamood Al Busaidi"]
[WhiteElo "1693"]
[BlackElo "1371"]
[PlyCount "135"]

1. c4 Nf6 2. Nc3 d6 3. g3 g6 4. Bg2 Bg7 5. d3 O-O 6. e3 e5
7. Nge2 Nc6 8. O-O Be6 9. Nd5 Qd7 10. Nec3 Bg4 11. Nxf6+ Bxf6
12. Qa4 Bg7 13. Rb1 Bf5 14. Rd1 a5 15. a3 Rfe8 16. Nd5 h5
17. h4 Bg4 18. Re1 Rac8 19. b4 axb4 20. axb4 Bf5 21. Qb3 Ne7
22. Nxe7+ Rxe7 23. Bxb7 Rb8 24. Bg2 c6 25. e4 Be6 26. Bb2 c5
27. b5 Rb6 28. Bc3 Re8 29. Ra1 Rb7 30. Ra3 Reb8 31. Qa4 Bh6
32. Rea1 Kg7 33. Qd1 Bg4 34. Qf1 Kh7 35. Kh2 Be6 36. Bh3 f5
37. exf5 gxf5 38. Qe2 Rg8 39. Qxh5 f4 40. Bxe6 fxg3+ 41. fxg3
Qxe6 42. Bd2 Qf6 43. Qxh6+ Qxh6 44. Bxh6 Kxh6 45. Ra6 Rg6
46. Rc6 Rbg7 47. Rg1 Rf6 48. b6 Rf2+ 49. Rg2 Rf3 50. Rxd6+ Kh5
51. g4+ Kxh4 52. Rh6+ Kg5 53. Re6 Rh7+ 54. Kg1 Re3 55. Kf2
Rxd3 56. Rxe5+ Kf4 57. Rf5+ Ke4 58. Kg1 Kd4 59. g5 Rd1+
60. Rf1 Rd3 61. g6 Rg7 62. b7 Rb3 63. Rg4+ Ke5 64. Rf7 Rxf7
65. gxf7 Rf3 66. b8=Q+ Kf5 67. f8=Q+ Kxg4 68. Qg7+ 1-0

[Event "FIDE Online Olympiad"]
[Site "Chess.com"]
[Date "2020.07.31"]
[EventDate "2020.07.31"]
[Round "1"]
[Result "1-0"]
[White "Simelane Wandile"]
[Black "Ahmed Taleb Mohamed"]
[WhiteElo "1560"]
[BlackElo "1978"]
[PlyCount "49"]

1. e4 e5 2. Nf3 Nc6 3. Bb5 Nf6 4. Bxc6 dxc6 5. O-O Bd6 6. d4
Qe7 7. dxe5 Bxe5 8. Nxe5 Qxe5 9. Nd2 O-O 10. Nf3 Qb5 11. Qd4
Bg4 12. e5 Rad8 13. Qf4 Bxf3 14. exf6 Bh5 15. fxg7 Kxg7
16. Qh6+ Kh8 17. Bg5 f6 18. Bxf6+ Rxf6 19. Qxf6+ Kg8 20. Qxd8+
Kg7 21. Rfe1 Qxb2 22. Qg5+ Bg6 23. Re7+ Kf8 24. Rae1 Qb4
25. Qh6+ 1-0

[Event "FIDE Online Olympiad"]
[Site "Chess.com"]
[Date "2020.07.31"]
[EventDate "2020.07.31"]
[Round "1"]
[Result "1-0"]
[White "Lidet Abate Haile"]
[Black "Toritsemuwa Ofowino"]
[WhiteElo "1584"]
[BlackElo "1959"]
[PlyCount "121"]

1. e4 d6 2. d4 Nf6 3. Nc3 c6 4. Nf3 Bg4 5. Be2 e6 6. O-O Be7
7. Bg5 O-O 8. h3 Bxf3 9. Bxf3 d5 10. e5 Nfd7 11. Bxe7 Qxe7
12. Ne2 c5 13. c3 Nc6 14. Rc1 Rfc8 15. a3 Qd8 16. Qb3 Qb6
17. Qxb6 axb6 18. Bg4 Na5 19. f4 Nc4 20. f5 Re8 21. fxe6 fxe6
22. Nf4 Ne3 23. Bxe6+ Rxe6 24. Nxe6 Nxf1 25. Rxf1 Re8 26. Nc7
Rc8 27. Nxd5 Re8 28. Rf2 cxd4 29. cxd4 Nf8 30. Nxb6 Ne6
31. Rd2 Nf4 32. Nc4 Nd5 33. Nd6 Re7 34. Rc2 Rc7 35. Rxc7 Nxc7
36. Kf2 Kf8 37. Ke3 b6 38. Ke4 Ke7 39. Nf5+ Kf7 40. d5 g6
41. Nd4 Na6 42. Nc6 Nc5+ 43. Kd4 Nb3+ 44. Kc4 Nd2+ 45. Kb5 Ke8
46. Kxb6 Nc4+ 47. Kc5 Nxb2 48. d6 Kd7 49. Kd5 Na4 50. e6+ Kc8
51. d7+ Kc7 52. d8=Q+ Kb7 53. e7 Nb6+ 54. Qxb6+ Kxb6 55. e8=Q
Kb5 56. Nd4+ Kb6 57. Qc6+ Ka7 58. Kc5 g5 59. Qb6+ Ka8 60. Kc6
g4 61. Qb7# 1-0

[Event "FIDE Online Olympiad"]
[Site "Chess.com"]
[Date "2020.07.31"]
[EventDate "2020.07.31"]
[Round "1"]
[Result "1-0"]
[White "Peace Samson"]
[Black "Feven Gebremeskel Girmay"]
[WhiteElo "1828"]
[BlackElo "1417"]
[PlyCount "35"]

1. e4 c5 2. Nf3 d6 3. Bc4 Nf6 4. Nc3 Nc6 5. h3 g6 6. a3 Bg7
7. d3 a6 8. O-O O-O 9. Be3 b5 10. Ba2 Bb7 11. Qd2 Re8 12. Bh6
Nd7 13. Bxg7 Kxg7 14. Qg5 Nde5 15. Nh4 h6 16. Nf5+ Kf8
17. Qxh6+ Kg8 18. Qg7# 1-0

[Event "FIDE Online Olympiad"]
[Site "Chess.com"]
[Date "2020.07.31"]
[EventDate "2020.07.31"]
[Round "1"]
[Result "1-0"]
[White "Joseph Mwale"]
[Black "Tokelo Klaas"]
[WhiteElo "2119"]
[BlackElo "1857"]
[PlyCount "57"]

1. Nf3 Nf6 2. g3 e6 3. Bg2 Be7 4. O-O O-O 5. d4 d5 6. c4 c6
7. Nc3 Nbd7 8. Re1 b6 9. Nd2 Bb7 10. e4 dxe4 11. Ndxe4 Nxe4
12. Nxe4 Nf6 13. Bf4 Rc8 14. Be5 Nxe4 15. Bxe4 f5 16. Bg2 Qd7
17. Qa4 a5 18. d5 exd5 19. cxd5 Bf6 20. Rad1 Bxe5 21. Rxe5 Qc7
22. d6 Qd8 23. Re7 Ba8 24. Qd4 Rf7 25. Qc4 Qf8 26. Qe6 Rd8
27. Bf1 Rxd6 28. Rxd6 Qxe7 29. Bc4 1-0

[Event "FIDE Online Olympiad"]
[Site "Chess.com"]
[Date "2020.07.31"]
[EventDate "2020.07.31"]
[Round "1"]
[Result "1-0"]
[White "Khalema Sechaba"]
[Black "Petros Mfune"]
[WhiteElo "1827"]
[BlackElo "2025"]
[PlyCount "69"]

1. d4 Nf6 2. c4 e6 3. Nf3 d5 4. Nc3 c6 5. cxd5 exd5 6. Bg5 Be7
7. Qc2 h6 8. Bf4 a5 9. e3 O-O 10. Bd3 Re8 11. O-O Nbd7 12. h3
Nf8 13. a3 Bd6 14. Be5 Bxe5 15. Nxe5 N6d7 16. Nf3 Nf6 17. Rae1
Be6 18. Ne5 Qc8 19. f4 Qb8 20. Rf3 N6d7 21. Ref1 f6 22. Ng6
Bf7 23. Rg3 Qd6 24. Nh4 Be6 25. Rff3 b5 26. Bf5 Qc7 27. Bxe6+
Nxe6 28. Nf5 h5 29. Nxd5 cxd5 30. Rxg7+ Nxg7 31. Qxc7 Nxf5
32. Qxd7 Ne7 33. Qe6+ Kh7 34. Rg3 Rg8 35. Qxe7+ 1-0

[Event "FIDE Online Olympiad"]
[Site "Chess.com"]
[Date "2020.07.31"]
[EventDate "2020.07.31"]
[Round "1"]
[Result "1-0"]
[White "Phera Malillo"]
[Black "Charity Tadeyo"]
[WhiteElo "1301"]
[BlackElo "1076"]
[PlyCount "77"]

1. e4 e6 2. d4 d5 3. e5 Nc6 4. f4 f6 5. Nf3 f5 6. Be2 Bb4+
7. Bd2 Bxd2+ 8. Qxd2 b6 9. O-O Bb7 10. Nc3 Qd7 11. a3 O-O-O
12. b4 h5 13. Nb5 a6 14. Nc3 Qf7 15. b5 axb5 16. Bxb5 Nge7
17. Qe2 h4 18. h3 Qh5 19. Ba6 g5 20. fxg5 Rhg8 21. Bxb7+ Kxb7
22. Qe3 Rdf8 23. Ne2 Ng6 24. Nf4 Nxf4 25. Qxf4 Rg7 26. c3 Rfg8
27. a4 Kc8 28. Qd2 Kd7 29. Rfc1 Rf7 30. c4 f4 31. cxd5 exd5
32. Qc3 Rg6 33. Re1 Rxg5 34. e6+ Kd6 35. exf7 Qxf7 36. Nxg5
Qf5 37. Re6+ Kd7 38. Qxc6+ Kd8 39. Re8# 1-0

[Event "FIDE Online Olympiad"]
[Site "Chess.com"]
[Date "2020.07.31"]
[EventDate "2020.07.31"]
[Round "2"]
[Result "1-0"]
[White "Bunmi Olape"]
[Black "Joseph Mwale"]
[WhiteElo "2251"]
[BlackElo "2119"]
[PlyCount "57"]

1. e4 e5 2. Nf3 Nc6 3. Bb5 a6 4. Ba4 Nf6 5. O-O b5 6. Bb3 Bc5
7. c3 d6 8. h3 Bb6 9. d4 h6 10. Re1 O-O 11. Be3 Bb7 12. Nbd2
Re8 13. dxe5 Bxe3 14. Rxe3 Nxe5 15. Nd4 Nc4 16. Bxc4 bxc4
17. Qe2 d5 18. exd5 Nxd5 19. Rxe8+ Qxe8 20. Qxe8+ Rxe8
21. Nxc4 c5 22. Nf5 Re2 23. Kf1 Nf4 24. Nfe3 Be4 25. Rd1 g5
26. g3 Bf3 27. Rd8+ Kh7 28. gxf4 gxf4 29. Rd2 1-0

[Event "FIDE Online Olympiad"]
[Site "Chess.com"]
[Date "2020.07.31"]
[EventDate "2020.07.31"]
[Round "2"]
[Result "1-0"]
[White "Toritsemuwa Ofowino"]
[Black "Anne Simwaba"]
[WhiteElo "1959"]
[BlackElo "1272"]
[PlyCount "89"]

1. d4 e6 2. Bf4 d5 3. e3 Nf6 4. Nd2 c5 5. c3 Nc6 6. Ngf3 Be7
7. h3 h6 8. Bd3 b6 9. Qe2 Bb7 10. O-O O-O 11. Rad1 cxd4
12. exd4 Nh5 13. Bh2 Nf6 14. Ne5 Bd6 15. f4 Rc8 16. f5 Re8
17. fxe6 fxe6 18. Bg6 Rf8 19. Rf2 Nxe5 20. dxe5 Bxe5 21. Bxe5
Qe7 22. Rdf1 Nd7 23. Rxf8+ Rxf8 24. Rxf8+ Qxf8 25. Nf3 Nxe5
26. Qxe5 Qc5+ 27. Nd4 Qf8 28. Qxe6+ Kh8 29. Qf7 Qxf7 30. Bxf7
a5 31. Ne6 Bc8 32. Nc7 Bb7 33. Bxd5 Bxd5 34. Nxd5 b5 35. Kf2
Kg8 36. Ke3 Kf7 37. Kd4 Ke6 38. Nc7+ Kf5 39. Nxb5 g5 40. c4
Kf4 41. c5 h5 42. c6 h4 43. c7 Kg3 44. c8=Q Kxg2 45. Qg4+ 1-0

[Event "FIDE Online Olympiad"]
[Site "Chess.com"]
[Date "2020.07.31"]
[EventDate "2020.07.31"]
[Round "2"]
[Result "1-0"]
[White "Ahmed Taleb Mohamed"]
[Black "Ansi Amin Al"]
[WhiteElo "1978"]
[BlackElo "1887"]
[PlyCount "93"]

1. e4 d5 2. exd5 Qxd5 3. Nc3 Qd6 4. d4 Nf6 5. Bc4 a6 6. Nge2
e6 7. Bf4 Qd7 8. O-O b5 9. Bd3 Bb7 10. f3 c5 11. Kh1 Be7
12. Ne4 c4 13. Nxf6+ Bxf6 14. Be4 Nc6 15. c3 Rd8 16. Qc2 Ne7
17. Ng3 g6 18. Bxb7 Qxb7 19. Ne4 Bg7 20. Nd6+ Rxd6 21. Bxd6
Nf5 22. Bf4 O-O 23. Qe4 Qd7 24. Rfe1 Ne7 25. Be5 Nd5 26. Bxg7
Kxg7 27. a3 a5 28. h4 a4 29. h5 Re8 30. hxg6 hxg6 31. Kg1 Rh8
32. Kf2 Rh5 33. Rh1 Rxh1 34. Rxh1 Qe7 35. Re1 Qg5 36. g3 Qd2+
37. Re2 Qc1 38. f4 Ne7 39. Qe5+ Kg8 40. Kg2 Nf5 41. Qb8+ Kg7
42. Qe5+ Kg8 43. Qxb5 Ne3+ 44. Kf3 Nd5 45. Qb8+ Kh7 46. Rh2+
Kg7 47. Qh8# 1-0

[Event "FIDE Online Olympiad"]
[Site "Chess.com"]
[Date "2020.07.31"]
[EventDate "2020.07.31"]
[Round "2"]
[Result "1-0"]
[White "Maroun Tomb"]
[Black "Ahmed Ahmed Hassan"]
[WhiteElo "2177"]
[BlackElo "2035"]
[PlyCount "63"]

1. e4 c5 2. Ne2 d6 3. g3 Nc6 4. Bg2 Bg4 5. h3 Bh5 6. f4 e6
7. g4 Qh4+ 8. Kf1 Bg6 9. f5 Nf6 10. Qe1 Qxe1+ 11. Kxe1 O-O-O
12. fxg6 hxg6 13. d3 d5 14. exd5 exd5 15. Bf4 Be7 16. Nbc3 d4
17. Nb5 Nd5 18. Bxd5 Rxd5 19. a4 Bh4+ 20. Kd2 g5 21. Bg3 Re8
22. Nc7 Rxe2+ 23. Kxe2 Rd7 24. Bxh4 gxh4 25. Nb5 a6 26. Na3
Nb4 27. Nc4 Re7+ 28. Kd2 b5 29. axb5 axb5 30. Nd6+ Kd7
31. Nxb5 Re4 32. dxe4 1-0

[Event "FIDE Online Olympiad"]
[Site "Chess.com"]
[Date "2020.07.31"]
[EventDate "2020.07.31"]
[Round "2"]
[Result "1-0"]
[White "Maya Jalloul"]
[Black "Mohammed Ibtihal"]
[WhiteElo "1876"]
[BlackElo "1410"]
[PlyCount "149"]

1. c4 c5 2. g3 Nc6 3. Bg2 e6 4. Nc3 Nf6 5. e4 Be7 6. Nge2 O-O
7. O-O a6 8. d3 d6 9. Rb1 Bd7 10. a3 a5 11. Bd2 Qc8 12. f4 e5
13. f5 g6 14. Nd5 Nxd5 15. cxd5 Nb8 16. g4 b5 17. Ng3 c4
18. Be3 Na6 19. Rc1 Nc5 20. dxc4 bxc4 21. Qf3 Nd3 22. Rc2 Rb8
23. Qe2 Rb3 24. h3 Bb5 25. Qd2 Bd8 26. Bh6 Re8 27. f6 Nf4
28. Bxf4 exf4 29. Qxf4 Qc5+ 30. Kh2 Qe3 31. Ne2 Qxf4+ 32. Rxf4
Bb6 33. Nc3 Ba6 34. Rf3 Bd4 35. Ne2 Be5+ 36. Ng3 Rxb2 37. Rxb2
Bxb2 38. Bf1 Rc8 39. Rf2 Be5 40. g5 Bb5 41. Rc2 Kf8 42. Kg2
Rc5 43. Ne2 Ba4 44. Rc1 c3 45. Kf3 c2 46. Re1 Bb2 47. Nc1 Rc3+
48. Ke2 Bb5+ 49. Kd2 Bxf1 50. Rxf1 Rc4 51. Nd3 Bxa3 52. Ra1
c1=Q+ 53. Nxc1 Bxc1+ 54. Rxc1 Rc5 55. Rxc5 dxc5 56. Kc3 Ke8
57. Kc4 a4 58. e5 a3 59. Kb3 Kd7 60. Kxa3 Kc7 61. Kb3 Kb6
62. Kc4 Kc7 63. Kxc5 Kd7 64. d6 Kd8 65. Kc6 Kc8 66. h4 Kd8
67. Kd5 Kd7 68. e6+ fxe6+ 69. Ke5 Ke8 70. Kxe6 Kd8 71. f7 Kc8
72. f8=Q+ Kb7 73. Qd8 Kc6 74. Qc7+ Kb5 75. Kd5 1-0

[Event "FIDE Online Olympiad"]
[Site "Chess.com"]
[Date "2020.07.31"]
[EventDate "2020.07.31"]
[Round "3"]
[Result "1-0"]
[White "Elena Nekrasova"]
[Black "Tankeu Stephanie Tchouateu"]
[WhiteElo "1920"]
[BlackElo "1280"]
[PlyCount "53"]

1. e4 e5 2. Nf3 Nc6 3. Bb5 d6 4. O-O Nf6 5. Re1 g6 6. c3 Bg7
7. d4 O-O 8. h3 Bd7 9. a4 Ne7 10. dxe5 Bxb5 11. exf6 Bxf6
12. axb5 Qd7 13. Bh6 Rfe8 14. Na3 a6 15. bxa6 Rxa6 16. e5 Bg7
17. Bxg7 Kxg7 18. Qd2 Nf5 19. Nc4 Rxa1 20. Rxa1 Qc6 21. Na5
Qc5 22. b4 Qb6 23. exd6 Nxd6 24. Qd4+ Qxd4 25. Nxd4 Nb5
26. Nxb5 c6 27. Nd6 1-0